00418nam a2200145Ia 4500003000400000005001700004008004100021040000900062082002200071100001600093245007900109260005100188300000900239650002400248OSt20201214114657.0190216s9999||||xx |||||||||||||| ||und|| coclc a582.095482bMAT/F aMathew, K M 0aFurther Illustrations On The Flora Of The Tamilnadu Carnatic /cK M Mathew bThe Rapinat Herbarium,c1988.aTiruchirapalli: a909p aGeneral Collections